[Event "Kerkinitida Cup Blitz"]
[Site "Evpatoria"]
[Date "2023.09.03"]
[Round "11"]
[White "Bimiev, Ahmad"]
[Black "Nosach, Roman Al"]
[Result "0-1"]
[WhiteElo "2219"]
[BlackElo "1631"]
[PlyCount "82"]
[EventDate "2023.09.03"]
[EventType "swiss (blitz)"]
[EventRounds "13"]
[EventCountry "UKR"]
[SourceTitle "EXT 2024"]
[Source "ChessBase"]
[SourceDate "2023.10.10"]
[SourceVersion "1"]
[SourceVersionDate "2023.10.10"]
[SourceQuality "1"]

1. c4 e5 2. Nc3 Bb4 3. Nd5 Na6 4. g3 Bd6 5. Bg2 c6 6. Nc3 Nf6 7. Nf3 Bc7 8. 0-0 d5 9. cxd5 cxd5 10. d4 e4 11. Ne5 0-0 12. Qb3 Bb6 13. Rd1 Nc7 14. a4 Ne6 15. Be3 Re8 16. Rac1 a6 17. h3 Qd6 18. g4 Nxd4 19. Nxf7 Kxf7 20. Bxd4 Bxd4 21. Rxd4 Qe5 22. e3 Be6 23. Qxb7+ Kg8 24. Qb3 Rab8 25. Qc2 Rf8 26. Rcd1 Bxg4 27. Nxd5 Bxd1 28. Qxd1 Nxd5 29. Rxd5 Qxb2 30. Rd2 Qb1 31. Bf1 Qb4 32. Rd4 Qe7 33. Qg4 Qf6 34. Qg2 Rb2 35. Rxe4 Rxf2 36. Bc4+ Kh8 37. Qg3 Rf1+ 38. Bxf1 Qxf1+ 39. Kh2 Rf2+ 40. Qxf2 Qxf2+ 41. Kh1 Qf3+ 0-1

[Event "Kerkinitida Cup Blitz"]
[Site "Evpatoria"]
[Date "2023.09.03"]
[Round "8"]
[White "Smirnov, Pavel"]
[Black "Nosach, Roman Al"]
[Result "0-1"]
[WhiteElo "2538"]
[BlackElo "1631"]
[PlyCount "117"]
[EventDate "2023.09.03"]
[EventType "swiss (blitz)"]
[EventRounds "13"]
[EventCountry "UKR"]
[SourceTitle "EXT 2024"]
[Source "ChessBase"]
[SourceDate "2023.10.10"]
[SourceVersion "1"]
[SourceVersionDate "2023.10.10"]
[SourceQuality "1"]

1. d4 Nf6 2. c4 e6 3. g3 Bb4+ 4. Bd2 Bxd2+ 5. Qxd2 0-0 6. Bg2 d6 7. Nf3 Qe7 8. 0-0 e5 9. Nc3 Nc6 10. d5 Nb8 11. e4 a5 12. Ne1 b6 13. Nd3 Na6 14. f4 Nd7 15. f5 f6 16. h4 Nac5 17. Nf2 a4 18. Qc2 Ba6 19. b4 Bxc4 20. Rfc1 Na6 21. Nxa4 b5 22. a3 Rfc8 23. Nb2 c6 24. dxc6 Rxc6 25. Qd2 Nb6 26. a4 Rac8 27. Nxc4 Rxc4 28. axb5 Nxb4 29. Rxc4 Rxc4 30. Bf1 Rd4 31. Qc3 d5 32. exd5 N4xd5 33. Qc6 h6 34. Ra6 Kh7 35. Rxb6 Nxb6 36. Qxb6 Qa3 37. Kg2 Rd2 38. Qc6 Qb2 39. Qf3 e4 40. Qe3 Rc2 41. g4 Qe5 42. b6 Rc3 43. Qe2 Qg3+ 44. Kh1 Qxh4+ 45. Kg1 Qg3+ 46. Kh1 Re3 47. Qd2 Qh4+ 48. Kg1 Rg3+ 49. Bg2 e3 50. Qe2 exf2+ 51. Qxf2 Qxg4 52. Qb2 Qd1+ 53. Kh2 Rg5 54. b7 Rh5+ 55. Bh3 Qd6+ 56. Kg2 Rg5+ 57. Kf1 Qd3+ 58. Kf2 Qxh3 59. b8Q 0-1

[Event "Kerkinitida Cup Rapid"]
[Site "Evpatoria"]
[Date "2023.09.02"]
[Round "9"]
[White "Nosach, Roman Al"]
[Black "Khripachenko, Alexander"]
[Result "1-0"]
[WhiteElo "1631"]
[BlackElo "2158"]
[PlyCount "137"]
[EventDate "2023.08.31"]
[EventType "swiss (rapid)"]
[EventRounds "11"]
[EventCountry "UKR"]
[SourceTitle "EXT 2024"]
[Source "ChessBase"]
[SourceDate "2023.10.10"]
[SourceVersion "1"]
[SourceVersionDate "2023.10.10"]
[SourceQuality "1"]

1. Nf3 d5 2. g3 Nd7 3. d4 Nb6 4. Bg2 Nf6 5. b3 Bf5 6. 0-0 e6 7. c4 c6 8. Nbd2 h6 9. Bb2 Be7 10. c5 Nbd7 11. b4 0-0 12. a4 a6 13. Qb3 Ne4 14. Nxe4 Bxe4 15. b5 Qc7 16. Rfc1 Rfe8 17. e3 Bf6 18. Ne1 Bxg2 19. Kxg2 e5 20. Rab1 exd4 21. Bxd4 Bxd4 22. exd4 Rab8 23. Nc2 Nf6 24. Qd3 axb5 25. axb5 Qd7 26. Rb3 Ne4 27. Ne3 g6 28. h4 Rbd8 29. bxc6 bxc6 30. Rcb1 Qe6 31. Rb7 Ra8 32. R1b2 h5 33. Re2 Nf6 34. Reb2 Ra4 35. Rb8 Rxb8 36. Rxb8+ Kg7 37. Nc2 Ra2 38. Nb4 Re2 39. Qf3 Ng4 40. Nd3 Rd2 41. Kg1 Qe4 42. Qxe4 dxe4 43. Nf4 Nxf2 44. d5 cxd5 45. c6 Rc2 46. c7 Rxc7 47. Kxf2 Rc2+ 48. Ke1 Rc3 49. Kf2 d4 50. Rb4 Rc2+ 51. Ke1 Rc1+ 52. Kd2 Rg1 53. Ne2 e3+ 54. Kc2 Re1 55. Nxd4 g5 56. hxg5 Kg6 57. Rb6+ Kg7 58. Nf5+ Kh7 59. Kd3 e2 60. Rf6 Kg8 61. Kd2 Ra1 62. Kxe2 Ra3 63. Kf2 Rb3 64. Kg2 Ra3 65. Kh3 Ra1 66. Nh6+ Kg7 67. Nxf7 Rh1+ 68. Kg2 Ra1 69. Ne5 1-0

[Event "Kerkinitida Cup Rapid"]
[Site "Evpatoria"]
[Date "2023.08.31"]
[Round "2"]
[White "Triapishko, Alexandr"]
[Black "Nosach, Roman Al"]
[Result "1/2-1/2"]
[WhiteElo "2506"]
[BlackElo "1631"]
[PlyCount "82"]
[EventDate "2023.08.31"]
[EventType "swiss (rapid)"]
[EventRounds "11"]
[EventCountry "UKR"]
[SourceTitle "EXT 2024"]
[Source "ChessBase"]
[SourceDate "2023.10.10"]
[SourceVersion "1"]
[SourceVersionDate "2023.10.10"]
[SourceQuality "1"]

1. Nf3 c5 2. e4 e6 3. d4 cxd4 4. Nxd4 Nf6 5. Nc3 Nc6 6. Nxc6 bxc6 7. e5 Nd5 8. Ne4 f5 9. exf6 Nxf6 10. Nd6+ Bxd6 11. Qxd6 Qb6 12. Bd3 c5 13. Qg3 0-0 14. 0-0 d5 15. b3 Ba6 16. Re1 Bxd3 17. cxd3 a5 18. Bg5 Nd7 19. Rab1 Rae8 20. h4 e5 21. Re2 h6 22. Bd2 Rf6 23. Rbe1 Ref8 24. Qg4 R8f7 25. Qa4 Qa6 26. Qxa5 Qxd3 27. Qc3 Qxc3 28. Bxc3 d4 29. Ba5 e4 30. Rxe4 Rxf2 31. R4e2 R2f4 32. g3 R4f6 33. Bc7 Rc6 34. Bf4 c4 35. bxc4 Rxc4 36. Re8+ Kh7 37. R1e7 Rxe7 38. Rxe7 Nf6 39. Be5 Kg6 40. Bxf6 Kxf6 41. Rd7 Ke5 1/2-1/2

[Event "Yalta Yialos blitz op"]
[Site "Yalta"]
[Date "2023.08.28"]
[Round "11"]
[White "Nosach, Roman Al"]
[Black "Ekimov, Pavel"]
[Result "1-0"]
[WhiteElo "1631"]
[BlackElo "1694"]
[PlyCount "59"]
[EventDate "2023.08.28"]
[EventType "swiss (blitz)"]
[EventRounds "13"]
[EventCountry "UKR"]
[SourceTitle "EXT 2024"]
[Source "ChessBase"]
[SourceDate "2023.10.10"]
[SourceVersion "1"]
[SourceVersionDate "2023.10.10"]
[SourceQuality "1"]

1. d4 d5 2. c4 e6 3. Nc3 Nf6 4. cxd5 exd5 5. Bg5 c6 6. e3 h6 7. Bh4 Be7 8. Bd3 0-0 9. Nge2 Re8 10. 0-0 Nbd7 11. f3 Nf8 12. Bf2 Ne6 13. h3 Ng5 14. e4 dxe4 15. fxe4 Bb4 16. Ng3 Qc7 17. e5 Nd5 18. Nxd5 cxd5 19. Be3 Ne6 20. Nf5 Bf8 21. Qg4 Kh8 22. Qg3 Qd7 23. Rf2 b6 24. Raf1 Rb8 25. Nh4 Nd8 26. Ng6+ Kg8 27. Nxf8 Rxf8 28. Bxh6 Ne6 29. Bf5 f6 30. Bxe6+ 1-0

[Event "Yalta Yialos blitz op"]
[Site "Yalta"]
[Date "2023.08.28"]
[Round "8"]
[White "Nosach, Roman Al"]
[Black "Krovkin, Grigoriy"]
[Result "1-0"]
[WhiteElo "1631"]
[BlackElo "1750"]
[PlyCount "65"]
[EventDate "2023.08.28"]
[EventType "swiss (blitz)"]
[EventRounds "13"]
[EventCountry "UKR"]
[SourceTitle "EXT 2024"]
[Source "ChessBase"]
[SourceDate "2023.10.10"]
[SourceVersion "1"]
[SourceVersionDate "2023.10.10"]
[SourceQuality "1"]

1. d4 d5 2. c4 e6 3. Nc3 Nf6 4. cxd5 exd5 5. Bg5 Be7 6. e3 c6 7. Bd3 0-0 8. Qc2 Nbd7 9. Nge2 Re8 10. 0-0 Nf8 11. Rae1 Ng6 12. a3 Ne4 13. Bxe7 Qxe7 14. f3 Nxc3 15. Nxc3 Qf6 16. Ne2 Rxe3 17. Qd2 Re8 18. Bxg6 hxg6 19. Qb4 Bf5 20. Qxb7 Rab8 21. Qxa7 Rxb2 22. Ng3 Rxe1 23. Rxe1 Rd2 24. Re5 Qg5 25. Re8+ Kh7 26. Qxf7 Rd1+ 27. Kf2 Rd2+ 28. Ke1 Qf4 29. Qg8+ Kh6 30. Qh8+ Kg5 31. h4+ Qxh4 32. Qxh4+ Kxh4 33. Nxf5+ 1-0

[Event "Yalta Yialos Rapid op"]
[Site "Yalta"]
[Date "2023.08.25"]
[Round "3"]
[White "Mukhtarova, Anastasiia"]
[Black "Nosach, Roman Al"]
[Result "0-1"]
[WhiteElo "1835"]
[BlackElo "1631"]
[PlyCount "78"]
[EventDate "2023.08.25"]
[EventType "swiss (rapid)"]
[EventRounds "11"]
[EventCountry "UKR"]
[SourceTitle "EXT 2024"]
[Source "ChessBase"]
[SourceDate "2023.10.10"]
[SourceVersion "1"]
[SourceVersionDate "2023.10.10"]
[SourceQuality "1"]

1. c4 Nf6 2. Nf3 e6 3. e3 d5 4. cxd5 exd5 5. Qc2 c5 6. b3 Nc6 7. a3 Be6 8. Bb2 Rc8 9. d3 Bd6 10. Nbd2 0-0 11. Be2 Re8 12. 0-0 Bg4 13. Rfe1 b5 14. Rac1 h6 15. Qb1 Nd7 16. d4 c4 17. b4 Nf6 18. Bd1 a5 19. Bc3 axb4 20. axb4 Qe7 21. h3 Bh5 22. Bc2 Bxb4 23. e4 Bxc3 24. exd5 Qb4 25. Rxe8+ Rxe8 26. dxc6 Bxd2 27. Nxd2 Qxd2 28. c7 Rc8 29. Bf5 Rxc7 30. Rc2 Qd1+ 31. Qxd1 Bxd1 32. Rc1 Ba4 33. Kf1 g6 34. Bb1 c3 35. Bc2 Bxc2 36. Rxc2 b4 37. Ke2 b3 38. Rc1 b2 39. Rb1 c2 0-1

[Event "Alushta Blitz op"]
[Site "Alushta"]
[Date "2023.07.14"]
[Round "13"]
[White "Derjabin, Ilja"]
[Black "Nosach, Roman Al"]
[Result "0-1"]
[WhiteElo "2333"]
[BlackElo "1631"]
[PlyCount "116"]
[EventDate "2023.07.14"]
[EventType "swiss (blitz)"]
[EventRounds "13"]
[EventCountry "UKR"]
[SourceTitle "CBM 215 Extra"]
[Source "ChessBase"]
[SourceDate "2023.09.30"]
[SourceVersion "1"]
[SourceVersionDate "2023.09.30"]
[SourceQuality "1"]

1. d4 Nf6 2. c4 e6 3. Nc3 d5 4. cxd5 exd5 5. Bg5 c6 6. e3 h6 7. Bh4 Be7 8. Bd3 0-0 9. Nge2 Re8 10. 0-0 b5 11. Qc2 a5 12. Rac1 Ba6 13. Bxf6 Bxf6 14. a4 b4 15. Nb1 Bxd3 16. Qxd3 Qd6 17. Rc2 Nd7 18. Rfc1 Rec8 19. Nf4 Bg5 20. Ne2 Bf6 21. Nd2 c5 22. dxc5 Nxc5 23. Qf5 Rc7 24. Nd4 Bxd4 25. exd4 Ne6 26. Rxc7 Nxc7 27. Nb3 Ne6 28. g3 Qd7 29. Qe5 Qxa4 30. Qxd5 Rd8 31. Qc4 Qd7 32. Nxa5 Nxd4 33. Nc6 Nxc6 34. Qxc6 Qxc6 35. Rxc6 Rd2 36. Rc8+ Kh7 37. h4 Rxb2 38. h5 b3 39. Rc7 Rb1+ 40. Kg2 b2 41. Rb7 f6 42. Rb8 g5 43. Rb7+ Kg8 44. g4 Kf8 45. Kf3 Ke8 46. Ke2 Kd8 47. Kd2 Rf1 48. Rxb2 Rxf2+ 49. Kc3 Rxb2 50. Kxb2 f5 51. Kc3 fxg4 52. Kd3 Ke7 53. Ke4 Kf6 54. Ke3 Kf5 55. Kf2 Kf4 56. Kg2 g3 57. Kh3 g2 58. Kxg2 Ke5 0-1

[Event "Alushta Rapid op"]
[Site "Alushta"]
[Date "2023.07.13"]
[Round "11"]
[White "Nosach, Roman Al"]
[Black "Milko, Kyrylo"]
[Result "0-1"]
[WhiteElo "1631"]
[BlackElo "1547"]
[PlyCount "122"]
[EventDate "2023.07.11"]
[EventType "swiss (rapid)"]
[EventRounds "11"]
[EventCountry "UKR"]
[SourceTitle "CBM 215 Extra"]
[Source "ChessBase"]
[SourceDate "2023.09.30"]
[SourceVersion "1"]
[SourceVersionDate "2023.09.30"]
[SourceQuality "1"]

1. Nf3 d5 2. c4 c6 3. d4 Nf6 4. cxd5 cxd5 5. Nc3 Nc6 6. g3 g6 7. Bg2 Bg7 8. 0-0 0-0 9. a3 a6 10. b4 b5 11. Bb2 Bb7 12. Ne5 e6 13. f4 Qb6 14. e3 Ne7 15. g4 Rfc8 16. a4 Ne8 17. Nd7 Qc6 18. Nc5 Nd6 19. a5 Nc4 20. Bc1 Qc7 21. h4 Nc6 22. Rb1 Re8 23. g5 Ne7 24. Bh3 Nf5 25. Qe1 Bc8 26. Bxf5 exf5 27. Qg3 Bb7 28. Nd1 Bf8 29. Nd3 Rac8 30. h5 Nd6 31. hxg6 fxg6 32. Nc5 Ne4 33. Nxe4 Rxe4 34. Nf2 Ree8 35. Qf3 Qc3 36. Qd1 Bxb4 37. Nd3 Bd6 38. Ne5 Bxe5 39. fxe5 Qxa5 40. Bd2 Qd8 41. e4 dxe4 42. Bf4 Bd5 43. Qd2 Rc4 44. Rfc1 Re6 45. Rxc4 Bxc4 46. Rd1 Bd5 47. Rc1 Bc4 48. Rd1 Qd5 49. Kf2 Bd3 50. Ke3 Rc6 51. Rc1 Rc4 52. Rxc4 Qxc4 53. e6 Qxe6 54. Qa5 Qc8 55. Bc7 f4+ 56. Kd2 f3 57. Ke3 Qf5 58. Qxa6 Qxg5+ 59. Bf4 Qg1+ 60. Kd2 Qf2+ 61. Kc3 b4+ 0-1

[Event "Alushta Rapid op"]
[Site "Alushta"]
[Date "2023.07.12"]
[Round "6"]
[White "Nosach, Roman Al"]
[Black "Oorzhak, Aldar"]
[Result "1-0"]
[WhiteElo "1631"]
[BlackElo "1814"]
[PlyCount "61"]
[EventDate "2023.07.11"]
[EventType "swiss (rapid)"]
[EventRounds "11"]
[EventCountry "UKR"]
[SourceTitle "CBM 215 Extra"]
[Source "ChessBase"]
[SourceDate "2023.09.30"]
[SourceVersion "1"]
[SourceVersionDate "2023.09.30"]
[SourceQuality "1"]

1. Nf3 Nf6 2. g3 b6 3. Bg2 Bb7 4. 0-0 e6 5. d3 d5 6. c3 Be7 7. Bg5 0-0 8. Qc2 Nbd7 9. Bxf6 Nxf6 10. Nbd2 c5 11. Rad1 Qc7 12. e4 dxe4 13. dxe4 Rfd8 14. e5 Nd7 15. Rfe1 Nf8 16. h4 Rd7 17. Nc4 Rad8 18. Rxd7 Rxd7 19. a4 h6 20. Nfd2 Bxg2 21. Kxg2 Qc6+ 22. Kg1 Rd8 23. f4 g5 24. fxg5 hxg5 25. h5 Nh7 26. Rf1 a6 27. Rxf7 Kxf7 28. Qxh7+ Ke8 29. Qg6+ Kd7 30. h6 Qxa4 31. Nxb6+ 1-0

[Event "Alushta Rapid op"]
[Site "Alushta"]
[Date "2023.07.11"]
[Round "1"]
[White "Khasangatina, Kamilla"]
[Black "Nosach, Roman Al"]
[Result "0-1"]
[WhiteElo "1095"]
[BlackElo "1631"]
[PlyCount "33"]
[EventDate "2023.07.11"]
[EventType "swiss (rapid)"]
[EventRounds "11"]
[EventCountry "UKR"]
[SourceTitle "CBM 215 Extra"]
[Source "ChessBase"]
[SourceDate "2023.09.30"]
[SourceVersion "1"]
[SourceVersionDate "2023.09.30"]
[SourceQuality "1"]

1. c4 e6 2. Nc3 d5 3. cxd5 exd5 4. d4 c6 5. Bf4 Bd6 6. Bg3 Nf6 7. e3 Bxg3 8. hxg3 h6 9. Bd3 0-0 10. Nf3 Re8 11. 0-0 Bg4 12. Qc2 b5 13. b4 a5 14. a3 axb4 15. axb4 Na6 16. Rfb1 Nc7 17. Ra5 0-1

[Event "Alushta op"]
[Site "Alushta"]
[Date "2023.07.10"]
[Round "9"]
[White "Shalagin, Vladimir"]
[Black "Nosach, Roman Al"]
[Result "0-1"]
[WhiteElo "1859"]
[BlackElo "1631"]
[PlyCount "84"]
[EventDate "2023.07.02"]
[EventType "swiss"]
[EventRounds "9"]
[EventCountry "UKR"]
[SourceTitle "CBM 215 Extra"]
[Source "ChessBase"]
[SourceDate "2023.09.30"]
[SourceVersion "1"]
[SourceVersionDate "2023.09.30"]
[SourceQuality "1"]

1. e4 c5 2. Nf3 g6 3. d4 cxd4 4. Nxd4 Bg7 5. Be3 Nf6 6. Nc3 0-0 7. Bc4 d6 8. f3 a6 9. Qd2 b5 10. Bb3 h5 11. a4 bxa4 12. Nxa4 Qc7 13. 0-0 Bb7 14. Ne2 Nbd7 15. Nf4 Kh7 16. Nd5 Nxd5 17. Bxd5 Bxd5 18. exd5 Rab8 19. c3 Rb5 20. b4 Nf6 21. Nb6 Rxb6 22. Bxb6 Qxb6+ 23. Kh1 Qb5 24. Rfd1 Rc8 25. Qd3 Nd7 26. Rxa6 Qxd3 27. Rxd3 Rxc3 28. Rxc3 Bxc3 29. Ra7 Nb6 30. Rxe7 Nxd5 31. Rxf7+ Kg8 32. Rb7 Bxb4 33. h4 Be1 34. Rb1 Bg3 35. Kg1 Ne3 36. Rb3 Nf5 37. Rb5 Bxh4 38. g4 hxg4 39. fxg4 Ne3 40. Rb3 Bf6 41. Kh1 Nxg4 42. Rb5 d5 0-1

[Event "Alushta op"]
[Site "Alushta"]
[Date "2023.07.07"]
[Round "6"]
[White "Petrov, Alexander3333"]
[Black "Nosach, Roman Al"]
[Result "1/2-1/2"]
[WhiteElo "1929"]
[BlackElo "1631"]
[PlyCount "86"]
[EventDate "2023.07.02"]
[EventType "swiss"]
[EventRounds "9"]
[EventCountry "UKR"]
[SourceTitle "CBM 215 Extra"]
[Source "ChessBase"]
[SourceDate "2023.09.30"]
[SourceVersion "1"]
[SourceVersionDate "2023.09.30"]
[SourceQuality "1"]

1. e4 c6 2. d4 d5 3. exd5 cxd5 4. Bd3 Nc6 5. c3 Nf6 6. Bf4 Qb6 7. Qb3 e6 8. Nf3 Na5 9. Qxb6 axb6 10. Bc7 Nb3 11. axb3 Rxa1 12. Kd1 Kd7 13. Bxb6 Kc6 14. Bd8 Bd6 15. Bxf6 gxf6 16. Re1 h5 17. Kc2 Bd7 18. Re2 h4 19. c4 dxc4 20. bxc4 b6 21. Nc3 Kc7 22. Kb3 Bc6 23. d5 Bd7 24. g3 h3 25. dxe6 fxe6 26. Nd4 Be5 27. Ncb5+ Kd8 28. f4 Bxd4 29. Nxd4 e5 30. fxe5 fxe5 31. Rxe5 Rf8 32. Be4 Rf2 33. Ne6+ Kc8 34. Nf4 Rxh2 35. Rh5 Bg4 36. Rh4 Re1 37. Bd3 Bd7 38. Nd5 b5 39. Nb6+ Kc7 40. Nxd7 Rd2 41. Nc5 h2 42. Be4 Kb6 43. Kc3 Rd6 1/2-1/2

[Event "Alushta op"]
[Site "Alushta"]
[Date "2023.07.06"]
[Round "5"]
[White "Nosach, Roman Al"]
[Black "Chudinovskikh, Alexander M"]
[Result "1-0"]
[WhiteElo "1631"]
[BlackElo "2070"]
[PlyCount "83"]
[EventDate "2023.07.02"]
[EventType "swiss"]
[EventRounds "9"]
[EventCountry "UKR"]
[SourceTitle "CBM 215 Extra"]
[Source "ChessBase"]
[SourceDate "2023.09.30"]
[SourceVersion "1"]
[SourceVersionDate "2023.09.30"]
[SourceQuality "1"]

1. Nf3 g6 2. e4 Bg7 3. d4 c6 4. h3 d5 5. exd5 cxd5 6. Bd3 Nc6 7. 0-0 Bf5 8. Bxf5 gxf5 9. Qd3 e6 10. Re1 Nge7 11. c3 a6 12. Nbd2 0-0 13. Nf1 Qd6 14. Ng3 Rae8 15. Nh5 Ng6 16. Bd2 f6 17. h4 Bh8 18. Re2 f4 19. Rae1 e5 20. Bxf4 Nxf4 21. Nxf4 e4 22. Qd2 Ne7 23. Nh2 Nf5 24. c4 Nxh4 25. Nxd5 f5 26. Qg5+ Ng6 27. Nf1 Bxd4 28. Ng3 Qd8 29. Qxd8 Rxd8 30. Rd1 Bc5 31. b4 Bxb4 32. Rb2 Bd6 33. Rxb7 e3 34. Nh5 exf2+ 35. Kxf2 Bc5+ 36. Kg3 Rd6 37. Rc7 Bb6 38. Rb7 Bc5 39. Re1 Kh8 40. Rh1 Kg8 41. Rg7+ Kh8 42. Rxh7+ 1-0

[Event "Yalta Yialos Blitz"]
[Site "Yalta"]
[Date "2022.08.31"]
[Round "10"]
[White "Nosach, Roman Al"]
[Black "Prober, Egor"]
[Result "1-0"]
[WhiteElo "1410"]
[BlackElo "1080"]
[PlyCount "75"]
[EventDate "2022.08.31"]
[EventType "swiss (blitz)"]
[EventRounds "13"]
[EventCountry "UKR"]
[SourceTitle "CBM 210 Extra"]
[Source "ChessBase"]
[SourceDate "2022.11.30"]
[SourceVersion "1"]
[SourceVersionDate "2022.11.30"]
[SourceQuality "1"]

1. e4 e5 2. Nf3 Nc6 3. Bb5 Nf6 4. 0-0 Nxe4 5. d4 Nd6 6. Bxc6 dxc6 7. dxe5 Nf5 8. Qe2 Be6 9. Rd1 Qc8 10. Nc3 Ne7 11. Ne4 Nd5 12. c4 Nb6 13. b3 Be7 14. Bb2 0-0 15. a4 Nd7 16. Neg5 Bxg5 17. Nxg5 Nc5 18. Qe3 Na6 19. Ba3 Re8 20. Qg3 h6 21. Ne4 Kh8 22. Qh4 Bf5 23. Bb2 Bxe4 24. Qxe4 f6 25. f4 fxe5 26. Bxe5 Nc5 27. Qg6 Re7 28. Qxh6+ Kg8 29. Qg5 Rf7 30. b4 Ne6 31. Qg3 c5 32. b5 c6 33. Rd2 cxb5 34. axb5 Qe8 35. Rad1 Qf8 36. Rd7 Rxd7 37. Rxd7 Rd8 38. Rd5 1-0

[Event "Yalta Yialos Rapid"]
[Site "Yalta"]
[Date "2022.08.03"]
[Round "11"]
[White "Vastrukhin, Oleg"]
[Black "Nosach, Roman Al"]
[Result "1-0"]
[WhiteElo "2343"]
[BlackElo "1410"]
[PlyCount "79"]
[EventDate "2022.08.01"]
[EventType "swiss (rapid)"]
[EventRounds "11"]
[EventCountry "UKR"]
[SourceTitle "EXT 2023"]
[Source "ChessBase"]
[SourceDate "2022.10.05"]
[SourceVersion "1"]
[SourceVersionDate "2022.10.05"]
[SourceQuality "1"]

1. g3 Nf6 2. Bg2 e5 3. c4 Nc6 4. Nc3 Bc5 5. e3 d6 6. Nge2 0-0 7. 0-0 Re8 8. a3 a5 9. d3 Bf5 10. h3 Qd7 11. Kh2 Ne7 12. f4 exf4 13. gxf4 c6 14. e4 Bg6 15. Ng3 h6 16. d4 Ba7 17. Be3 d5 18. cxd5 Nexd5 19. Nxd5 Nxd5 20. Bg1 Nc7 21. f5 Bh7 22. Qg4 f6 23. Rad1 Qf7 24. Be3 Kh8 25. Bf4 Nb5 26. e5 Nxd4 27. e6 Qe7 28. Be4 Rad8 29. Nh5 Nxe6 30. fxe6 Rxd1 31. Rxd1 Bxe4 32. Rd7 Bd5 33. Rxe7 Rxe7 34. Bd6 Bxe6 35. Qe4 Bf7 36. Qxe7 Bxh5 37. Qxb7 Bd4 38. Qxc6 Bxb2 39. Qc8+ Kh7 40. Qc2+ 1-0

[Event "Yalta Yialos Rapid"]
[Site "Yalta"]
[Date "2022.08.02"]
[Round "7"]
[White "Nosach, Roman Al"]
[Black "Vasilevich, Tatjana"]
[Result "0-1"]
[WhiteElo "1410"]
[BlackElo "2326"]
[PlyCount "78"]
[EventDate "2022.08.01"]
[EventType "swiss (rapid)"]
[EventRounds "11"]
[EventCountry "UKR"]
[SourceTitle "EXT 2023"]
[Source "ChessBase"]
[SourceDate "2022.10.05"]
[SourceVersion "1"]
[SourceVersionDate "2022.10.05"]
[SourceQuality "1"]

1. e4 c5 2. Nf3 e6 3. d4 cxd4 4. Nxd4 Nc6 5. Nc3 Qc7 6. Be3 a6 7. Qd2 Nf6 8. f3 Bb4 9. a3 Be7 10. Be2 0-0 11. g4 d6 12. h4 b5 13. g5 Nd7 14. f4 Bb7 15. Rf1 Nxd4 16. Bxd4 e5 17. Be3 exf4 18. Bxf4 Ne5 19. 0-0-0 Rac8 20. Qd4 Bc6 21. Rd2 Qb8 22. Qb4 Qa7 23. Nd5 Bxd5 24. Rxd5 f6 25. Qb3 Kh8 26. gxf6 Rxf6 27. Qg3 Rcf8 28. Rg1 Rg6 29. Bg5 h6 30. Bh5 Bxg5+ 31. Kb1 Bf4 32. Qxg6 Nxg6 33. Rxg6 Qe3 34. Re6 Qc1+ 35. Ka2 Qxc2 36. Bd1 Qh2 37. Rf5 Rxf5 38. Re8+ Kh7 39. exf5 Be5 0-1

[Event "Alushta op"]
[Site "Alushta"]
[Date "2022.07.13"]
[Round "8"]
[White "Savvopulo, Anatolij"]
[Black "Nosach, Roman Al"]
[Result "0-1"]
[WhiteElo "2005"]
[BlackElo "1410"]
[PlyCount "86"]
[EventDate "2022.07.06"]
[EventType "swiss"]
[EventRounds "9"]
[EventCountry "UKR"]
[SourceTitle "EXT 2023"]
[Source "ChessBase"]
[SourceDate "2022.10.05"]
[SourceVersion "1"]
[SourceVersionDate "2022.10.05"]
[SourceQuality "1"]

1. e4 c5 2. c3 Nf6 3. e5 Nd5 4. d4 cxd4 5. cxd4 Nc6 6. Nf3 d6 7. Be2 Bg4 8. 0-0 e6 9. h3 Bh5 10. Nc3 Nxc3 11. bxc3 dxe5 12. Nxe5 Bxe2 13. Qxe2 Nxe5 14. dxe5 Be7 15. Rd1 Qb6 16. Be3 Qc6 17. Qg4 g6 18. Bh6 Rg8 19. Rd3 Rd8 20. Rxd8+ Bxd8 21. Bg5 Bc7 22. Qb4 Bd8 23. Bf6 Kd7 24. Rd1+ Kc8 25. Rd6 Qc7 26. Rd4 Bxf6 27. Rc4 Bxe5 28. Rxc7+ Bxc7 29. Qe7 Rd8 30. g3 Rd7 31. Qf8+ Bd8 32. Kg2 Re7 33. g4 f5 34. Qh8 fxg4 35. hxg4 e5 36. c4 Kd7 37. c5 a6 38. Qg8 Re6 39. Qxh7+ Be7 40. Qf7 e4 41. Kf1 e3 42. fxe3 Rf6+ 43. Kg2 Re6 0-1